书目信息 |
| 题名: |
中国航空工业规划设计研究院建筑作品选
|
|
| 作者: | 傅绍辉 著 | |
| 分册: | ||
| 出版信息: | 北京 中国建筑工业出版社 2006.03 |
|
| 页数: | 180页 | |
| 开本: | 28cm | |
| 丛书名: | ||
| 单 册: | ||
| 中图分类: | TU-881.2 | |
| 科图分类: | ||
| 主题词: | 建筑艺术--图集 | |
| 电子资源: | ||
| ISBN: | 7-112-08301-X | |
| 000 | 00979nam0 2200241 450 | |
| 001 | 595129 | |
| 005 | 20100817155823.85 | |
| 010 | @a7-112-08301-X@dCNY168.00 | |
| 100 | @a20100515d2007 km y0chiy0120 ea | |
| 101 | 0 | @achi |
| 102 | @aCN@b110000 | |
| 105 | @ay a 000yy | |
| 200 | 1 | @a中国航空工业规划设计研究院建筑作品选@Azhong guo hang kong gong ye gui hua she ji yan jiu yuan jian zhu zuo pin xuan@Azhong guo hang kong gong ye gui hua she ji yan jiu yuan jian zhu zuo pin xuan@e1990-2005@f傅绍辉著@Ffu shao hui zhu |
| 210 | @a北京@c中国建筑工业出版社@d2006.03 | |
| 215 | @a180页@c彩图@d28cm | |
| 330 | @a本书收录中国航空工业规划设计研究院1990-2005年期间已建成的作品,包括科研办公建筑、体育建筑、科技馆建筑、会展建筑、医疗卫生建筑等。 | |
| 517 | 1 | @a1990-2005 |
| 540 | @a中国航空工业规划设计研究院建筑作品选 | |
| 606 | 0 | @a建筑艺术@x图集 |
| 690 | @aTU-881.2@v4 | |
| 701 | 0 | @a傅绍辉@Afu shao hui@Afu shao hui@4著 |
| 801 | @aCN@c20100515 | |
| 905 | @dTU-881.2@eF950@f3 | |
| 中国航空工业规划设计研究院建筑作品选:1990-2005/傅绍辉著.-北京:中国建筑工业出版社,2006.03 |
| 180页:彩图;28cm |
| ISBN 7-112-08301-X:CNY168.00 |
| 本书收录中国航空工业规划设计研究院1990-2005年期间已建成的作品,包括科研办公建筑、体育建筑、科技馆建筑、会展建筑、医疗卫生建筑等。 |
| ● |
| 相关链接 |
|
|
|
正题名:中国航空工业规划设计研究院建筑作品选
索取号:TU-881.2/F950
 
预约/预借
| 序号 | 登录号 | 条形码 | 馆藏地/架位号 | 状态 | 备注 |
| 1 | 1031748 | 210317487 | 建筑库101/101建筑库 22排3列5层/ [索取号:TU-881.2/F950] | 在馆 | |
| 2 | 1031749 | 210317496 | 建筑库101/101建筑库 22排3列5层/ [索取号:TU-881.2/F950] | 在馆 | |
| 3 | 1031750 | 210317502 | 建筑库101/101建筑库 22排3列5层/ [索取号:TU-881.2/F950] | 在馆 |